| 000 | 00670nam a2200241Ia 4500 | ||
|---|---|---|---|
| 003 | OSt | ||
| 005 | 20220918220113.0 | ||
| 006 | a|||||r|||| 00| 0 | ||
| 007 | ta | ||
| 008 | 220917b |||||||| |||| 00| 0 eng d | ||
| 024 | _a144,487 | ||
| 037 | _cTextual | ||
| 040 |
_aARTS _cARTS _beng |
||
| 041 |
_2eng _aeng |
||
| 082 | _aY172:3Z0211.688, J3(906) | ||
| 100 |
_aMukwaya A. B _9136505 |
||
| 245 | 0 |
_aLand tenure in Buganda _b present day tendencies |
|
| 260 |
_aNA _bNA _c1953 |
||
| 490 | _aEast African studies,1 | ||
| 650 | _aSOCIOLOGY | ||
| 942 |
_hY172:3Z0211.688, J3(906) _cTEXL _2CC |
||
| 999 |
_c267395 _d267395 |
||